[Event "33rd ECCC Open 2017"]
[Site "Antalya"]
[Date "2017.10.12"]
[Round "3"]
[White "Manojlovic, Mihailo"]
[Black "Ronka, Erik"]
[Result "0-1"]
[WhiteElo "1982"]
[BlackElo "2287"]
[Annotator "TA"]
[PlyCount "80"]
[EventType "team-tourn"]
[EventCountry "TUR"]
[WhiteTeam "Benildus"]
[BlackTeam "Etela-Vantaan"]

{[%evp 22,80,24,20,30,21,15,13,23,18,22,23,33,0,0,0,0,0,0,0,0,-117,0,0,0,-136,-127,-128,-135,-258,-245,-398,-392,-621,-324,-775,-551,-515,-425,-405,-413,-419,-419,-562,-558,-548,-525,-631,-627,-631,-627,-625,-588,-665,-624,-722,-671,-920,-817,-1287,-1190]} 1. e4 c6 2. d4 d5 3. Nc3 dxe4 4. Nxe4 Bf5 5. Ng3 Bg6 6. Nf3 Nd7 7. Bd3 e6 8. O-O Ngf6 9. c4 Be7 10. Bf4 O-O {B18: Caro-Kann (Hauptvariante)} 11. Bxg6 hxg6 12. Qe2 {LiveBook: 7 Partien} (12. a4 a5 13. Re1 Re8 14. Re3 b5 15. axb5 cxb5 16. d5 exd5 17. cxd5 {½-½ (75) Sutovsky,E (2622)-Motylev,A (2660) Poikovsky 2016}) 12... a5 {Die Stellung ist ausgeglichen.} 13. Rfd1 Re8 $146 ({Vorgänger:} 13... a4 14. Ne5 Re8 15. Rd3 Qa5 16. Rad1 Rad8 {½-½ (35) Khan,V (2122)-Van Hooff,R (2120) LSS email 2013}) 14. Rac1 {[%cal Ba1c1,Bc1c3,Bc3e3][%mdl 32]} a4 15. Ne5 Bf8 16. Rc3 Qa5 17. Nxd7 Nxd7 18. Re3 g5 19. Be5 $1 f6 $36 {[%mdl 2048] Schwarz hat Initiative.} 20. Ne4 {[#] Droht stark Ld6.} fxe5 21. dxe5 (21. Qh5 $1 $11 Be7 22. Rh3 exd4 23. Qh7+ Kf8 24. Qh8+ Kf7 25. Qh5+ Kf8 26. Qh8+ Kf7 27. Qh5+ Kf8 28. Qh8+) 21... Nxe5 (21... Nc5 $17 {Und weiter mit ...Sxe4 wäre nett.} 22. Nd6 Bxd6 23. exd6 Rf8) 22. Nxg5 $11 Nf7 {[%cal Be5f7,Bf7h6,Bh6f5,Bf5g7][%mdl 32]} 23. Nxe6 (23. Nxf7 $11 {war der einzige Weg, das Gleichgewicht zu behalten.} Kxf7 24. Rd7+ Kg8 25. Re5) 23... Re7 24. c5 Rae8 25. Qc4 (25. Rdd3 $17 {ist eine bessere Verteidigung.}) 25... Qb5 $19 26. Qg4 $2 {[#]} (26. Qxb5 cxb5 27. Nxf8 Rxe3 28. fxe3 Kxf8 29. Kf2) 26... Qxb2 27. f4 (27. Nxf8 $142 Rxe3 28. fxe3 Kxf8 29. Qxa4) 27... Nh6 28. Qh3 $2 (28. Qg6 Qf6 29. Qxf6 gxf6 30. Rg3+ Kh7 31. Nxf8+ Rxf8 32. h3) 28... Qf6 {[%cal Re7e6]} 29. Rde1 Qf5 30. Qxf5 Nxf5 31. Re4 g6 32. g4 Ng7 {Schwarz steht klar auf Gewinn.} 33. Ng5 Rxe4 34. Rxe4 Bxc5+ 35. Kg2 Rxe4 36. Nxe4 Be7 37. Kg3 Kf7 38. h4 b5 39. g5 Ke6 40. Kg4 c5 {Precision: Weiß = 33%, Schwarz = 68%.} 0-1

[Event "33rd ECCC Open 2017"]
[Site "Antalya"]
[Date "2017.10.11"]
[Round "3"]
[White "Taskaya, Muhammed"]
[Black "Schoppen, Casper"]
[Result "0-1"]
[WhiteElo "1980"]
[BlackElo "2440"]
[Annotator "TA"]
[PlyCount "62"]
[EventType "team-tourn"]
[EventCountry "TUR"]
[WhiteTeam "Karaman"]
[BlackTeam "Leiden"]

{[%evp 21,62,-39,-36,-39,-39,-40,-40,-72,-64,-93,0,0,5,5,13,15,14,-1,47,44,84,53,93,100,81,0,0,0,0,0,0,0,0,-23,-18,-21,-22,-37,-6,-39,-29,-29977,-29977]} 1. e4 c5 2. d4 cxd4 3. c3 dxc3 4. Nxc3 Nc6 5. Nf3 d6 6. Bc4 e6 7. O-O Be7 8. Qe2 Nf6 9. Rd1 e5 10. h3 O-O 11. Bg5 Be6 {LiveBook: 7 Partien} 12. Bxf6 {B21: Sizilianisch (Morra-Gambit 2.d4 und 2.f4)} Bxf6 13. Nb5 Be7 14. Bxe6 {Schwarz steht etwas besser.} fxe6 15. Rd2 $146 ({Vorgänger:} 15. Qd3 Qd7 16. Rd2 a6 17. Nxd6 Rad8 18. Rad1 Qc7 19. Qb3 Bxd6 20. Qxe6+ {0-1 (27) Shukh,N (2255)-Kurnosov,I (2556) Saratov 2006}) 15... Qb6 (15... a6 $17 16. Nxd6 Bxd6) 16. Qc4 $11 d5 17. exd5 exd5 18. Rxd5 {Mit der Idee Sc7!} Kh8 19. Re1 Rf4 20. Re4 Rf6 21. Rd7 {Droht stark Sc7.} Rd8 22. Rxd8+ Bxd8 23. Nxe5 ({Günstiger ist} 23. b4 $16) 23... Qxf2+ 24. Kh2 {Sg4 ist eine echte Drohung.} Nxe5 ({Doch nicht} 24... Bb6 {[#]} 25. Ng6+ $1 {[%mdl 512]} hxg6 26. Rh4+ Qxh4 27. Qxh4+ Kg8 28. Qc4+ Kh8 29. Qh4+ Kg8 30. Qc4+ Kh8 31. a4 $18) 25. Rxe5 Rf8 26. Re2 Qf6 $36 {[%mdl 2048] Weiss steht unter Druck.} 27. Qc1 h6 28. Nc3 Bc7+ 29. g3 Be5 30. Qe3 Bd4 31. Nd5 $2 {[%mdl 8192] [#]} (31. Qd3 $11) 31... Qf1 {Precision: Weiß = 35%, Schwarz = 29%.} 0-1

[Event "33rd ECCC Open 2017"]
[Site "Antalya"]
[Date "2017.10.11"]
[Round "3"]
[White "Basgonul, Bekir Serkan"]
[Black "Vajda, Levente"]
[Result "0-1"]
[WhiteElo "1878"]
[BlackElo "2588"]
[Annotator "TA"]
[PlyCount "90"]
[EventType "team-tourn"]
[EventCountry "TUR"]
[WhiteTeam "Genc"]
[BlackTeam "Baia Mare"]

{[%evp 27,90,-9,0,0,0,0,0,0,3,0,0,0,0,0,0,0,0,0,0,0,0,0,0,-31,-41,-42,-44,-97,-101,-102,-106,-105,-104,-83,-97,-243,-249,-301,-287,-287,-316,-335,-310,-465,-465,-464,-463,-444,-454,-475,-475,-472,-464,-459,-450,-402,-382,-672,-680,-1432,-1481,-1455,-1373,-1378,-1335]} 1. Nf3 d5 2. c4 e6 3. d4 Nf6 4. Nc3 Be7 5. cxd5 exd5 6. Bg5 c6 7. e3 Bf5 8. Bd3 Bxd3 9. Qxd3 Nbd7 10. O-O O-O 11. a3 a5 12. Rab1 Ne4 13. Bxe7 Qxe7 14. Qc2 f5 15. b4 {D35: Queen's Gambit Declined: Exchange Variation} (15. Ne2 Nb6 16. Ne5 Nd7 17. Nf3 Rf6 18. Nf4 Nd6 19. Nd3 Nc4 20. a4 Rh6 21. Nd2 Nd6 22. b4 Nf6 {½-½ (38) Borroni,E (2393)-Roos,J (2388) ICCF email 2007}) 15... axb4 16. axb4 Ra3 17. Rb3 {The position is equal.} Rfa8 $146 18. Rfb1 Rxb3 19. Qxb3 Qd6 20. Na4 b5 21. Nc5 Ndxc5 22. dxc5 Qf6 23. g3 Ra4 24. Qb2 Nc3 25. Rc1 Na2 $1 $36 {[%mdl 2048] Black has good play.} 26. Qxf6 gxf6 $15 {[%mdl 4096] Endgame KRN-KRN} 27. Rb1 ({White should play} 27. Rd1 $15) 27... Nxb4 28. Nd4 Kf7 29. Nxf5 Ke6 30. Nd4+ Kd7 31. g4 (31. Rd1 $17 {keeps fighting.}) 31... Nd3 $19 32. h4 Nxc5 33. Rc1 Nd3 34. Rc3 Ne5 35. g5 (35. Rc1 {is a better defense.}) 35... fxg5 36. hxg5 Ra1+ 37. Kg2 b4 38. Rc2 Nc4 39. e4 Rd1 40. Nb3 Kd6 41. exd5 Kxd5 42. Re2 $2 {[#]} (42. Ra2 Rd3 43. Nc1) 42... Rb1 {Black is clearly winning.} 43. Nd2 Rb2 44. Re7 Nxd2 45. Rxh7 Ne4 {Precision: White = 57%, Black = 91%.} 0-1

[Event "33rd ECCC Open 2017"]
[Site "Antalya"]
[Date "2017.10.12"]
[Round "3"]
[White "Burke, Kevin A"]
[Black "Laakso, Harri"]
[Result "0-1"]
[WhiteElo "1770"]
[BlackElo "2157"]
[Annotator "TA"]
[PlyCount "46"]
[EventType "team-tourn"]
[EventCountry "TUR"]
[WhiteTeam "Benildus"]
[BlackTeam "Etela-Vantaan"]

{[%evp 27,46,36,84,-112,-99,-132,-11,-71,-55,-56,-62,-62,-56,-64,-61,-84,-81,-309,-314,-296,-311]} 1. e4 e6 2. d4 d5 3. Nc3 Bb4 4. e5 c5 5. a3 Bxc3+ 6. bxc3 Ne7 7. Qg4 Qc7 8. Qxg7 Rg8 9. Qxh7 cxd4 10. Ne2 Nbc6 11. f4 Bd7 12. h4 {[%cal Bh2h4,Bh4h5][%mdl 32] C18: French: 3 Nc3 Bb4: Main line: 7 h4 and 7 Qg4} (12. Qd3 dxc3 13. Qxc3 O-O-O 14. Rb1 d4 15. Qc4 Nf5 16. g3 Na5 17. Qxc7+ Kxc7 18. Bg2 Bc6 19. Kf2 Nc4 20. Rb4 b5 21. Bxc6 Kxc6 22. a4 a6 23. axb5+ axb5 {1-0 (51) Leko,P (2679)-Pichot,A (2565) Douglas 2017}) 12... dxc3 13. h5 O-O-O 14. Qd3 d4 {LiveBook: 42 Games} 15. Nxd4 $2 (15. h6 $16) 15... Nxd4 $17 16. Qxd4 {[#]} Bc6 $146 (16... Bb5 $1 $17 17. Qxa7 Bxf1 18. Rxf1 Rxg2) ({Predecessor:} 16... Bb5 17. Qxa7 Bxf1 18. Rxf1 Rxg2 19. Qa8+ {0-1 (34) Fey,W (1941)-Kurbasov,S (2190) ICCF email 2012}) 17. Qxa7 (17. Qf2 $11 {remains equal.}) 17... Bxg2 18. Bxg2 Rxg2 19. Qa8+ Kd7 20. Qa4+ Qc6 21. Qxc6+ Kxc6 22. Ra2 $2 (22. Rh3 $17 {was forced.}) 22... Nf5 $19 {( -> ...Ng3)} 23. Kf1 {[#]} Rgd2 $1 {[%mdl 512]} 0-1

[Event "33rd ECCC Open 2017"]
[Site "Antalya"]
[Date "2017.10.11"]
[Round "3"]
[White "Yuksel, Ibrahim"]
[Black "Georgescu, Tiberiu-Marian"]
[Result "0-1"]
[WhiteElo "1551"]
[BlackElo "2459"]
[Annotator "TA"]
[PlyCount "96"]
[EventType "team-tourn"]
[EventCountry "TUR"]
[WhiteTeam "Genc"]
[BlackTeam "Baia Mare"]

{[%evp 9,96,29,47,48,54,16,16,18,32,-10,-19,-18,-7,-11,-18,-6,6,0,0,0,0,10,12,-60,-54,-83,-87,-74,-70,-58,-47,-79,-89,-80,-68,-61,-1,-25,-23,-96,-102,-94,-29,-119,-75,-122,-123,-117,-117,-135,-127,-120,-152,-192,-161,-400,-386,-604,-588,-565,-554,-675,-439,-704,-726,-837,-735,-1651,-874,-2733,-2467,-5477,-1940,-1924,-1878,-29993,-29994,-29994,-29993,-29993,-29994,-29994,-29995,-29997,-29996,-29996,-29997,-29997,-29998]} 1. e4 g6 2. Nc3 Bg7 3. Nf3 a6 4. d4 d6 5. Bc4 b5 6. Bb3 {B06: Modern Defence} e6 (6... b4 7. Nd5 a5 8. c3 Bb7 9. O-O Nf6 10. Nxf6+ exf6 11. Re1 O-O 12. Qd3 a4 13. Bc2 bxc3 14. bxc3 {½-½ (23) Xu,X (2466)-Wei,Y (2696) Wuxi 2016}) 7. a3 Nd7 8. O-O {The position is equal.} Ne7 9. Ng5 $146 ({Predecessor:} 9. Be3 Bb7 10. Qe2 O-O 11. Rad1 h6 12. Qd2 Nf6 13. Bxh6 Nxe4 14. Nxe4 Bxe4 15. Bxg7 Kxg7 {0-1 (67) Leung,H (2371)-Boyd,S (2428) ICCF email 2006}) 9... h6 10. Nf3 ({But not} 10. Nxf7 Kxf7 11. Qf3+ Kg8 $17) 10... O-O 11. Ne2 Bb7 12. Ng3 Nf6 13. Re1 c5 14. c3 Rc8 15. Bc2 Qc7 16. Be3 ({White should try} 16. Bd3 $11) 16... cxd4 $15 17. Bxd4 e5 18. Be3 d5 19. Bd2 Rfe8 20. exd5 Nexd5 21. Bb3 Rcd8 {[%cal Bc8d8,Bd8d7,Bd7e7][%mdl 32]} 22. Qc2 Nf4 (22... Kh7 $15) 23. Bxf4 (23. Rxe5 $5 {[%cal Rd2f4]} Nh3+ 24. gxh3 Bxf3 25. Rxe8+ Nxe8 26. Re1 $11) 23... exf4 24. Ne2 (24. Rxe8+ $11 Rxe8 25. Ne2) 24... Be4 $36 {[%mdl 2048] White is under strong pressure.} 25. Qc1 g5 (25... Bxf3 $17 26. gxf3 Re5) 26. Nfd4 (26. Ned4 $11) 26... Rd7 27. f3 Bg6 28. Bc2 Rde7 29. Bxg6 fxg6 30. Qc2 Kh7 31. Qb3 Qc5 {[#] aiming for ...Rxe2.} 32. Qb4 $2 (32. Kf1 {was necessary.}) 32... Qb6 $19 33. a4 (33. Kf2 $142 Nd5 34. Qb3) 33... Rxe2 34. Rxe2 Rxe2 35. axb5 axb5 36. Kf1 (36. Qa5 $142 Qxa5 37. Rxa5 Rxb2 38. Rxb5 Rxb5 39. Nxb5) 36... Rd2 37. Qe7 Nd5 38. Qf7 Ne3+ 39. Ke1 Rxd4 40. Ra7 {[#]} Nf5 $1 41. cxd4 Qxd4 {( -> ...Qg1+)} 42. Ra8 Qg1+ {Black mates.} 43. Kd2 Qxg2+ 44. Ke1 Qg1+ 45. Kd2 Qf2+ 46. Kc1 Qxb2+ 47. Kd1 Ne3+ 48. Ke1 Qc1+ {Precision: White = 26%, Black = 53%.} 0-1